000 00419nam a2200157Ia 4500
003 GCL
008 140319s9999 xx 000 0 ara d
040 _aGCL /
_cGCL
082 0 4 _aط
_b813.02
_bد س
100 1 _aدار ثقافة الطفل
245 1 0 _aسيد الارض /
_cدار ثقافة الطفل
490 _aكتاب
_v0
650 0 4 _aالاطفال
650 0 4 _aقصص الاطفال
942 _2ddc
_cBK
999 _c42784
_d42784